| Tag |
First Indicator |
Second Indicator |
Subfields |
| LEADER |
00000pam a22000004a 4500 |
| 001 |
in00001585721 |
| 005 |
20151022123525.0 |
| 008 |
000103s2000 enkab b 001 0 eng |
| 010 |
|
|
|a 00020382
|
| 015 |
|
|
|a GBA0-Y1531
|
| 019 |
|
|
|a 43970225
|
| 020 |
|
|
|a 0521780853 (hc.)
|
| 020 |
|
|
|a 052178574X (pbk.)
|
| 035 |
|
|
|a (OCoLC)ocm43227335
|
| 040 |
|
|
|a DLC
|c DLC
|d UKM
|d C#P
|d TXA
|d UtOrBLW
|
| 042 |
|
|
|a pcc
|
| 049 |
|
|
|a TXAM
|
| 050 |
0 |
0 |
|a QE501
|b .M87 2000
|
| 082 |
0 |
0 |
|a 550
|2 21
|
| 100 |
1 |
|
|a Mussett, A. E.
|q (Alan E.)
|
| 245 |
1 |
0 |
|a Looking into the earth :
|b an introduction to geological geophysics /
|c Alan E. Mussett, M. Aftab Khan ; illustrations by Sue Button.
|
| 264 |
|
1 |
|a Cambridge ;
|a New York :
|b Cambridge University Press,
|c 2000.
|
| 300 |
|
|
|a xix, 470 pages :
|b illustrations, maps ;
|c 29 cm.
|
| 336 |
|
|
|a text
|b txt
|2 rdacontent
|
| 337 |
|
|
|a unmediated
|b n
|2 rdamedia
|
| 338 |
|
|
|a volume
|b nc
|2 rdacarrier
|
| 504 |
|
|
|a Includes bibliographical references and index.
|
| 650 |
|
0 |
|a Geophysics.
|
| 700 |
1 |
|
|a Khan, M. Aftab.
|
| 948 |
|
|
|a cataloged
|b h
|c 2001/1/12
|d c
|e eneff
|f 12:24:14 pm
|
| 994 |
|
|
|a E0
|b TXA
|
| 999 |
|
|
|a MARS
|
| 999 |
f |
f |
|s cdfb8ea4-3ba1-36e8-ac88-a817e8953a23
|i 2793c1c7-5ed7-3ce0-b4df-ab8004aded8c
|t 0
|
| 952 |
f |
f |
|p normal
|a Texas A&M University
|b College Station
|c Sterling C. Evans Library
|s Evans stk
|d Evans: Library Stacks
|t 0
|e QE501 .M87 2000
|h Library of Congress classification
|i unmediated -- volume
|m A14826845425
|
| 998 |
f |
f |
|a QE501 .M87 2000
|t 0
|l Evans: Library Stacks
|